000 00488nam a22001577a 4500
003 macl
005 20191019115432.0
008 191019b xxu||||| |||| 00| 0 eng d
040 _cmacl
082 _a800/BHA
100 _aरघुवंशी ,प्रेमशंकर
_977006
245 _aभवानी भाई
260 _aकोलकाता
_bप्रतिश्रुति प्रकाशन
_c2014
650 _aरचनावली
_9163
942 _2ddc
_cHIN
999 _c61241
_d61241